| 000 | 01098nmm a2200313 a 4500 | ||
|---|---|---|---|
| 001 | ocm000593453 | ||
| 003 | TR-IsHL | ||
| 005 | 20201028133114.0 | ||
| 008 | 131121s2002 tu tur | ||
| 007 | cr cn | ||
| 020 | _a9789758618583 | ||
| 035 |
_a593453 _b(N$T) |
||
| 050 | 0 | 4 |
_aPN94 _b.B64 2002 |
| 090 | 0 | 4 |
_aPN94 _b.B64 2002 |
| 100 | 1 | _aBogue, Ronald | |
| 245 | 1 | 0 |
_aDeleuze ve Guattari _h[electronic resource] / _cRonald Bogue ; çev. İsmail Ögretir, Ali Utku |
| 260 |
_aİstanbul : _bBirey Yayıncılık, _c2002 |
||
| 300 | _a232 p. | ||
| 650 | 4 | _aFelsefe, Psikoloji ve Din | |
| 650 | 4 | _aPhilosophy, Psychology and Religion | |
| 650 | 0 |
_aEdebiyat, Modern _x20. yüzyıl _xTarih ve eleştiri |
|
| 650 | 0 |
_aLiterature, Modern _x20th century _xHistory and criticism |
|
| 650 | 0 |
_aDeleuze, Gilles, _x1925-1995 |
|
| 650 | 0 |
_aGuattari, Félix, _x1930-1992 |
|
| 650 | 7 |
_aLITERARY CRITICISM / European / French _2bisacsh |
|
| 700 | 1 | _aÖgretir, İsmail | |
| 700 | 1 | _aUtku, Ali | |
| 856 | 4 | 0 | _uhttp://search.ebscohost.com/login.aspx?direct=true&scope=site&db=e011xww&AN=593453 |
| 999 |
_c5458 _d5458 |
||